00000000nam##2200000za#4500
0019.615298
003CaOODSP
00520241203113634
007ta
008150406|2001||||xxc|||||     f|0| 0 eng|d
020 |a0-662-29297-9
040 |aCaOODSP|beng
043 |an-cn---
0861 |aEn40-215/58E
1101 |aCanada. |bEnvironment Canada.
24510|aHexachlorobutadiene
260 |aOttawa - Ontario : |bEnvironment Canada |c2001.
300 |avi, 42p. : |bgraphs, references, tables ; |c28 cm.
4901 |aPriority substances list assessment report
563 |aSpiral binding
590 |a02-22|b2002-05-31
590 |a02-37|b2002-09-13
69007|aEnvironmental management|2gcpds
69007|aToxic substances|2gcpds
69007|aWater pollution|2gcpds
77508|tHexachlorobutadiène |w(CaOODSP)9.625409
7760#|tHexachlorobutadiene / |w(CaOODSP)9.571378
830#0|aPriority substances list assessment report.|w(CaOODSP)9.514568